Dissertation on impact of IPO grading on market performance in short term and long term (Record no. 394088)

MARC details
000 -LEADER
fixed length control field 00525nam a22001817a 4500
005 - DATE & TIME
control field 20251202104419.0
008 - FIXED-LENGTH DATA ELEMENTS--GENERAL INFORMATION
fixed length control field 251201b |||||||| |||| 00| 0 eng d
040 ## - CATALOGING SOURCE
Original cataloging agency VIVEKANANDA LIBRARY
082 ## - DDC NUMBER
Classification number 340
Book Number D132D
100 ## - MAIN ENTRY--PERSONAL NAME
Personal name Dagar, Monika
245 ## - TITLE STATEMENT
Title Dissertation on impact of IPO grading on market performance in short term and long term
260 ## - PUBLICATION, DISTRIBUTION, ETC. (IMPRINT)
Name of publisher, distributor, etc MDU Centre for Professional and Allied Studies, Gurugram
Date of publication, distribution, etc 2024
300 ## - PHYSICAL DESCRIPTION
Pages 92
650 ## - Subject
Subject Law
650 ## - Subject
Subject Market Performance
700 ## - Added Entry Personal Name
Added Entry Personal Name Kailash, Kumar
942 ## - ADDED ENTRY ELEMENTS (KOHA)
Koha item type Thesis
Holdings
Withdrawn status Lost status Source of classification or shelving scheme Damaged status Not for loan Location (home branch) Sublocation or collection (holding branch) Shelving location Date acquired Koha issues (times borrowed) Koha full call number Accession No. Koha date last seen Copy number Koha item type
    Dewey Decimal Classification     VIVEKANANDA LIBRARY VIVEKANANDA LIBRARY Law Library 01/12/2025   340 D132D 445572 01/12/2025 R Thesis
© Designed and Maintained by Vivekananda Library, MDU Rohtak